000 00680nam a2200289Ia 4500
005 20260324141911.0
008 008 260324s9999 xx 000 0 eng d
020 _a9781315865935
037 _aEBOOK
040 _aCRL
040 _beng
040 _cCRL
041 _2eng
041 _aeng
084 _qCRL
100 _aAllison Weir
_91209934
245 0 _aSacrificial Logics
245 0 _bFeminist Theory and the Critique of Identity
260 _bTaylor and Francis
260 _c1996
365 _a
365 _b195
856 _uhttp://www.taylorfrancis.com/books/9781315865935
942 _cEBOOK
999 _c1813514
_d1813514